000 00607nam a2200205 i 4500
001 60546
003 ES-MaACL
005 20250822063127.0
007 t|
008 031105s1956 sp ||||1| cat d
100 1 _aEspinàs, Josep M.,
_d1927-
_947850
245 1 0 _aTots som iguals
_b: novel-la /
_cJosep Mª Espinàs.
250 _a[1ª ed.].
260 _aBarcelona :
_bAymá,
_c[1956] (
_fSalvá)
300 _a269 p. ;
_c19 cm.
490 1 _aEl club dels novel-listes
830 0 _aEl club dels novel-listes
_9181454
852 _aES-MaACL
_jC-13870
_bR.41198
999 _c60546
_d60546